Jul - BWO - paroles - Statistiques

Statistiques générales
  • Ce quiz a été pris 1 206 fois
  • Le résultat moyen est 209 sur 500
Statistiques - réponses
Réponse % Correct
à
97%
J
93%
le
91%
la
90%
90%
ou
88%
lettre
87%
l'ovni
86%
cheveux
84%
Asics
83%
et
83%
sur
83%
survêt'
81%
survet'
81%
R
79%
de
77%
il
77%
couz'
76%
Appelle-moi
67%
appelle-moi
67%
ca
66%
ça
66%
12
64%
blancs
64%
des
64%
dans
63%
fait
62%
opinel
62%
sous
61%
caché
60%
sa
60%
se
60%
jdid
59%
pas
58%
RSA
58%
je
57%
m'régale
57%
les
56%
on
56%
ta
56%
tous
55%
baise
53%
besoin
53%
moi
53%
d'être
52%
Jul
52%
oncle
52%
ton
52%
c'est
51%
danser
50%
faire
50%
j'ai
50%
que
50%
t'inquiète
50%
Canada Goose
49%
d'Or
49%
l'album
49%
j'le
48%
Platine
48%
plaza
48%
plus
48%
Grey Goose
46%
j'vais
45%
J'vais
45%
pour
45%
chante
44%
cherche
44%
ouais
43%
j'les
42%
comme
39%
fais
39%
gadjis
39%
Mohammed
37%
au
36%
m'a
36%
ma
36%
Salah
36%
tu
36%
gaucher
35%
j'fais
35%
l'buzz
35%
rappe
34%
salon
34%
fils
33%
tout
33%
J'me
32%
j'me
32%
parlé
32%
un
32%
y'a
32%
coup
31%
mets
31%
bras
30%
dormir
30%
longs
30%
si
30%
en
29%
putes
28%
car
27%
m'dégoute
27%
salades
27%
béquille
26%
CR
26%
elle
26%
s'en
26%
casque
25%
intégral
25%
latérale
25%
vas
25%
Dieu
24%
dieu
24%
écoute
24%
parler
24%
voit
24%
bar
23%
blessé
23%
ne
23%
nique
23%
veux
23%
arrête
22%
bon
22%
carré
22%
couilles
22%
d'équipes
22%
l'talent
22%
monde
22%
avant
21%
avec
21%
choqué
21%
faut
21%
honda
21%
l'but
21%
m'ont
21%
t'as
21%
toilettes
21%
Tokyo
21%
t'prendre
21%
vide
21%
bien
20%
chez
20%
coupe
20%
finir
20%
j'dors
20%
j'mets
20%
sais
20%
sera
20%
Ze'
20%
aux
19%
bats
19%
est
19%
été
19%
fout
19%
ils
19%
j'suis
19%
l'coeur
19%
l'staffie
19%
m'critiques
19%
parceque
19%
qui
19%
soirée
19%
toute
19%
cet
18%
droit
18%
j'te
18%
l'time
18%
mis
18%
pisté
18%
putas
18%
t'es
18%
croix
17%
donne
17%
grave
17%
Professor
17%
putos
17%
rabaissé
17%
rien
17%
TDM
17%
veut
17%
bizarre
16%
demi
16%
faute
16%
fumée
16%
guitare
16%
mienne
16%
plutôt
16%
pourtant
16%
rejette
16%
rouge
16%
seras
16%
sors
16%
tacler
16%
timide
16%
visière
16%
vois
16%
voitures
16%
arrière
15%
Badoo
15%
cassé
15%
choses
15%
commandant
15%
costaud
15%
entre
15%
feu
15%
final
15%
Jarret
15%
j'sais
15%
j'tai
15%
marche
15%
Rolando
15%
rûte
15%
sert
15%
trahi
15%
vu
15%
bas
14%
choquer
14%
comissaire
14%
c'que
14%
Golf 7 R
14%
j'croise
14%
j'croyais
14%
j'passe
14%
l'aise
14%
l'Audi
14%
putain
14%
sait
14%
signe
14%
arrêter
13%
baiser
13%
commando
13%
connaît
13%
demain
13%
d'la
13%
l'année
13%
l'nazou
13%
mondeo
13%
montes
13%
n'oublie
13%
oh
13%
time
13%
j'dirais
12%
j't'envoie
12%
j'veux
12%
vie
12%
bientôt
11%
deux
11%
faiblesse
11%
pétard
11%
qu'j'ai
11%
qu't'étais
11%
redoutable
11%
Cousteau
10%
j'monte
10%
j'nique
10%
jober
10%
l'demi-tour
10%
m'arrache
10%
rage
10%
ramer
10%
Rami
10%
sous-estime
10%
t'moques
10%
après
9%
chauffante
9%
plaque
9%
bande
8%
j'vois
8%
l'couz
8%
mise
8%
Rivoire
8%
secteur
8%
s'plaint
8%
tchoupe
8%
Carret
7%
J'troue
6%
j'reviens
5%
l'Merco Kompressor
5%
baffes
4%
bouts
4%
rêche
4%
Aucun quiz correspondant
Distribution des résultats
% des personnes avec chaque résultat
Percentile par nombre de réponses
Votre historique - résultats
Vous n’avez pas pris ce quiz